Az Agrárvállalkozások Finanszírozása Magyarországon

Bibliográfiai részletek
Szerző: Adorján Ágnes
További közreműködők: Kádár Béla
Dokumentumtípus: Diplomadolgozat
Kulcsszavak:agrárfinanszírozás
agrárgazdaság
banki hitelezés
hitelek fajtái
kedvezményes kontsrukció
Online Access:http://dolgozattar.uni-bge.hu/60383

MARC

LEADER 00000nta a2200000 i 4500
001 dolg60383
005 20260409150519.0
008 260409suuuu hu om 000 hun d
040 |a BGE Dolgozattár Repozitórium  |b hun 
041 |a hu 
100 1 |a Adorján Ágnes 
245 1 3 |a Az Agrárvállalkozások Finanszírozása Magyarországon  |c Adorján Ágnes  |h [elektronikus dokumentum] 
520 3 |a A mezőgazdasági vállalkozások finanszírozása kiemelt jelentőségű terület a magyar gazdaságban, mivel az agrárium egyszerre forrásigényes, kockázatokkal terhelt és meghatározó szereplője az élelmiszerellátásnak, a foglalkoztatásnak és az exportteljesítménynek. A szektor működését jelentősen befolyásolják a természeti és piaci sajátosságok, mint a ciklikusság, az időjárási kitettség, az árupiaci volatilitás, valamint a bevételek és költségek időbeli eltérése, amelyek mind komplex finanszírozási kihívásokat eredményeznek. A dolgozat célja, hogy feltárja a mezőgazdasági vállalkozások számára elérhető finanszírozási formákat, különös tekintettel a banki hitelezésre, valamint összehasonlítsa a piaci alapú és a támogatott konstrukciók költség- és kockázati sajátosságait. A kutatás kettős megközelítést alkalmaz: makrogazdasági szinten a mezőgazdasági hitelállományok összetételének vizsgálatán keresztül bemutatja a hazai agrárhitelezés főbb tendenciáit és a gazdasági környezet változásainak hatását a hitelkeresletre. Mikrogazdasági szinten pedig egy konkrét agrárvállalkozás finanszírozásának esettanulmány-alapú elemzésével számszerűsíti a támogatott és a piaci hitelkonstrukciók közötti különbségeket. Az elemzés részeként három hiteltermék, az Agrár Széchenyi Kártya, a Növekedési Hitelprogram beruházási hitele és egy piaci alapú tartós forgóeszközhitel kerül összehasonlításra a kamatszintek, a finanszírozási költségek és a tényleges ügyfélterhek alapján. Az eredmények rámutatnak, hogy a támogatott konstrukciók jelentős megtakarítást biztosítanak a mezőgazdasági vállalkozások számára, ezáltal javítva a hitelhez jutás feltételeit és mérsékelve a szektor sajátosságaiból eredő kockázatokat. 
695 |a agrárfinanszírozás 
695 |a agrárgazdaság 
695 |a banki hitelezés 
695 |a hitelek fajtái 
695 |a kedvezményes kontsrukció 
700 1 |a Kádár Béla  |e ths 
856 4 0 |u http://dolgozattar.uni-bge.hu/60383/1/Szakdolgozat_Adorj%C3%A1n%20%C3%81gnes_EYGKVC.pdf  |z Dokumentum-elérés 
856 4 0 |u http://dolgozattar.uni-bge.hu/60383/2/B%C3%ADr%C3%A1lati%20lap_Adorj%C3%A1n%20%C3%81gnes.pdf  |z Dokumentum-elérés